| 000 | 00556nam a22001817a 4500 | ||
|---|---|---|---|
| 005 | 20180320125415.0 | ||
| 010 | _aENG-122345 | ||
| 020 |
_a9788173055607 _c750.00 |
||
| 035 | _aEN-105877 | ||
| 037 | _bDBAD/PUB | ||
| 082 | _a230.31 | ||
| 100 | _aVanamali | ||
| 245 |
_aDwarakanatha/ _cby Vanamali _bThe lord of dwaraka |
||
| 260 |
_aNew Delhi _bAryan books international _c2016 |
||
| 270 |
_aPooja apartments, 4b, Ansari road, _bNew Delhi _e110002 _k23287589 |
||
| 300 |
_axiii.621p. _c23cm.(HB) _bill. |
||
| 942 |
_2ddc _cEN _h230.31 _mVAN |
||
| 999 |
_c150422 _d150422 |
||